載入...

J.P. His biography

書目詳細資料
主要作者: Scarfe, Allan
其他作者: Scarfe, Wendy
格式: Printed Book
語言:English
出版: Hyderabad Orient Longman Ltd. 1998
主題:
LEADER 00576nam a22001817a 4500
005 20151026130234.0
008 090926t xxu||||| |||| 00| 0 eng d
020 |a 81-250-10211 
080 |a 92(JAY)  |b SCA 
100 |a Scarfe, Allan  |9 5557 
245 |a J.P. His biography 
260 |a Hyderabad  |b Orient Longman Ltd.  |c 1998  |9 5558 
300 |a xi, 274p. 
653 |a Biography - Jayaprakash Narayan 
700 |a Scarfe, Wendy  |9 5559 
942 |c BK  |6 _ 
999 |c 2522  |d 2522 
952 |0 0  |1 0  |2 udc  |4 0  |6 92JAY_SCA  |7 0  |9 10887  |a UL  |b UL  |d 2009-09-26  |o 92(JAY) SCA  |p 00045415  |r 2009-09-26  |w 2009-09-26  |y BK